banner-ar

وسائل الاتصال الحديثة من الجريدة الى الفيس بوك / (Record no. 61497)

MARC details
000 -الفاتح
حقل البيانات ثابتة الطول 01319nam a22003377a 4500
005 - وقت وتاريخ اخر تعامل مع التسجيلة
رقم الضبط 20240530110502.0
008 - عناصر البيانات ثابتة الطول - معلومات عامة
حقل البيانات ثابتة الطول 150504s2011 ua f b 000 0 ara d
017 ## - رقم الايداع القانونى
رقم الايداع القانونى 2010/24085
المصدر ( الهيئة المختصة) مصر . دار الكتب المصرية
020 ## - الرقم الدولى المعيارى للكتب
الرقم الدولى المعيارى للكتاب 9789773191327
040 ## - مصدر الفهرسة
وكالة الفهرسة الأصلية EG-CaGPL
082 04 - رقم تصنيف ديوى العشرى
رقم الطبعة 21
رقم التصنيف 302.23\
رقم المادة ف و
100 0# - المدخل الرئيسى - إسم شخصى
الإسم الشخصى فتحى حسين عامر
245 10 - بيان العنوان
العنوان وسائل الاتصال الحديثة من الجريدة الى الفيس بوك /
بيان المسئوليه,etc فتحى حسين عامر
250 ## - بيان الطبعة
بيان الطبعة ط1
260 ## - PUBLICATION, DISTRIBUTION, ETC. (IMPRINT)
تاريخ النشر أو التوزيع 2011 .
300 ## - الوصف المادى
التعداد 221 ص ؛
أبعاد الوعاء 24 سم .
490 ## - بيان السلسلة
عنوان السلسلة دراسات فى الاعلام
504 ## - تبصرة ببليوجرافية
تبصرة ببليوجرافية,الخ يشتمل على ارجاعات ببليوجرافية
610 04 - المدخل الاضافى بالموضوع-اسم هيئة
اسم الهيئة أو اسم السلطة كمدخل وكلات الانباء العالمية
610 04 - المدخل الاضافى بالموضوع-اسم هيئة
اسم الهيئة أو اسم السلطة كمدخل وكلات الانباء العربية
650 04 - المدخل الاضافى بالموضوع-مصطلح موضوعى
مصطلح موضوعي الاتصالات الالكترونية
650 04 - المدخل الاضافى بالموضوع-مصطلح موضوعى
مصطلح موضوعي الصحافة المصرية
650 04 - المدخل الاضافى بالموضوع-مصطلح موضوعى
مصطلح موضوعي وسائل الاعلام
650 04 - المدخل الاضافى بالموضوع-مصطلح موضوعى
مصطلح موضوعي وسائل الاعلام
650 04 - المدخل الاضافى بالموضوع-مصطلح موضوعى
مصطلح موضوعي الراديو
التقسيم الفرعي الجغرافي مصر
650 04 - المدخل الاضافى بالموضوع-مصطلح موضوعى
مصطلح موضوعي التليفزيون
التقسيم الفرعي الجغرافي مصر
650 04 - المدخل الاضافى بالموضوع-مصطلح موضوعى
مصطلح موضوعي المسرح
التقسيم الفرعي الجغرافي العالم العربى
650 04 - المدخل الاضافى بالموضوع-مصطلح موضوعى
مصطلح موضوعي وسائل الاعلام
التقسيم الفرعي العام الانترنت
942 ## - عناصر المدخل الإضافي( كوها)
مصدر التصنيف او مخطط الترفيف Dewey Decimal Classification
Koha [default] item type كتاب
260 ## - PUBLICATION, DISTRIBUTION, ETC. (IMPRINT)
-- القاهرة :
-- العربى للنشر و التوزيع ،
Holdings
حالة التراجع حالة الفقد حالة تلف ليس للاعارة المكان المؤقت الموقع الحالى تاريخ الاكتساب اجمالي اﻻعارات رقم الطلب الباركود تاريخ اخر مشاهدة تاريخ تفعيل السعر نوع وعاء كوها
        مكتبة القاهرة الكبرى مكتبة القاهرة الكبرى 09/22/2015   302.23\ ف و 160818 09/22/2015 09/22/2015 كتاب

Powered By

EGPV